<?xml version="1.0" encoding="UTF-8"?>
<collection xmlns="http://www.loc.gov/MARC21/slim">
 <record>
  <leader>     na                 </leader>
  <controlfield tag="001">INLIS000000000020405</controlfield>
  <controlfield tag="005">20230224032028</controlfield>
  <datafield tag="035" ind1=" " ind2=" ">
   <subfield code="a">0010-0223000104</subfield>
  </datafield>
  <controlfield tag="007">ta</controlfield>
  <controlfield tag="008">230224                g          0 ind  </controlfield>
  <datafield tag="020" ind1=" " ind2=" ">
   <subfield code="a">978-602-262-473-8</subfield>
  </datafield>
  <datafield tag="082" ind1=" " ind2=" ">
   <subfield code="a">320.014</subfield>
  </datafield>
  <datafield tag="084" ind1=" " ind2=" ">
   <subfield code="a">320.014 MUB i</subfield>
  </datafield>
  <datafield tag="100" ind1="0" ind2=" ">
   <subfield code="a">Mubah, Ahmad Safril</subfield>
   <subfield code="e">Pengarang</subfield>
  </datafield>
  <datafield tag="245" ind1="1" ind2=" ">
   <subfield code="a">Isu-Isu Globalisasi Kontemporer</subfield>
  </datafield>
  <datafield tag="250" ind1=" " ind2=" ">
   <subfield code="a">Cetakan 1</subfield>
  </datafield>
  <datafield tag="300" ind1=" " ind2=" ">
   <subfield code="a">xiv + 89 halaman ;</subfield>
   <subfield code="c">23 cm</subfield>
  </datafield>
  <datafield tag="650" ind1=" " ind2="4">
   <subfield code="a">Komunikasi Politik</subfield>
  </datafield>
  <datafield tag="520" ind1=" " ind2=" ">
   <subfield code="a">ISU-ISU GLOBALISASI KONTEMPORER&#13;
&#13;
Sepanjang dua dekade terakhir, berbagai isu baru terus bermunculan dan berkembang seiring dengan semakin pesatnya gerak laju globalisasi. Jika pada masa Perang Dingin, isu-isu global terkonsentrasi pada masalah keamanan negara dan hanya terbatasi pada konliik antara blok Barat dan blok Timur, kini isu-isu itu melebar ke persoalan ketimpangan ekonomi, masa depan demokrasi, eksistensi budaya lokal, daya tahan identitas kultural, jaminan keamanan individu, dan meningkatnya ancaman terorisme. Pada era globalisasi kontemporer, semua isu tersebut tidak hanyamelibatkan negara, tetapi juga aktor-aktor nonnegara seperti gerakan masyarakat sipil global, perusahaan multinasional, dan jaringan terorisme. Karena itu, buku Isu-Isu Globalisasi Kontemporer ini relevan untuk mengupas dampak globalisasi terhadap aktor-aktor lokal, nasional, dan internasional dengan mencermati perkembangan kontemporer isu-isu global. Dalam buku ini, penulis mengaitkan relasi globalisasi dengan sejumlah isu yang mengemuka dikancah global Terkait dengan pertumbuhan ekonomi, globalisasi di satu sisi menyebabkan perekenomianglobal terus tumbuh, tetapi di sisi lain berdampak pada melebarnya ketimpangan. Terkait dengan demokrasi, globalisasi menyebabkan nilai-nilai demokrasi melemahseiring dengan aksi korporasi-korporasi besar yang kerap memengaruhi proses pengambilan keputusan dalam pemerintahan agar menguntungkan kepentingan mereka. Terkait dengan budaya lokal, globalisasi telah mendorong penetrasi budaya-budaya asing yang dapat mengancam eksistensi budaya lokal. Terkait dengan identitas kultural, homogenisasi identitas yang dibawa globalisasi berpotensi mengancam kelestarian identitas kultural yang dianut oleh masyarakat suatu negara. Terkait dengan keamanan manusia, banyak orang merasakan keterancaman psikologis dan mental karena universalisasi yang dibawa globalisasi tidak berpihak kepada mereka. Terkait dengan terorisme, gerakan perlawanan dengan mengusung politik identitas kian marak di era globalisasi.</subfield>
  </datafield>
  <datafield tag="264" ind1=" " ind2=" ">
   <subfield code="a">Yogyakarta :</subfield>
   <subfield code="b">Graha Ilmu,</subfield>
   <subfield code="c">2015</subfield>
  </datafield>
  <datafield tag="336" ind1=" " ind2=" ">
   <subfield code="2">rdacontent</subfield>
   <subfield code="a">Teks</subfield>
  </datafield>
  <datafield tag="337" ind1=" " ind2=" ">
   <subfield code="2">rdamedia</subfield>
   <subfield code="a">Tanpa Perantara</subfield>
  </datafield>
  <datafield tag="338" ind1=" " ind2=" ">
   <subfield code="2">rdacarrier</subfield>
   <subfield code="a">Lembar</subfield>
  </datafield>
  <datafield tag="504" ind1=" " ind2=" ">
   <subfield code="a">87-89 halaman</subfield>
  </datafield>
  <datafield tag="990" ind1=" " ind2=" ">
   <subfield code="a">069918</subfield>
  </datafield>
  <datafield tag="990" ind1=" " ind2=" ">
   <subfield code="a">069920</subfield>
  </datafield>
  <datafield tag="990" ind1=" " ind2=" ">
   <subfield code="a">069919</subfield>
  </datafield>
 </record>
</collection>
